Geografia per immagini - S - Statistics

Statistiche generali
  • Questo quiz è stato fatto 2.892 volte
  • Il punteggio medio è 13 su 18
Statistiche sulle risposte
con Immagini Hint Risposta % Corretto
deserto Sahara
95%
paese Spagna
94%
paese Svizzera
94%
edificio Cappella {Sistina}
91%
opera Canale di {Suez}
90%
paese Sudafrica
90%
paese Svezia
88%
chiesa Sagrada Familia
85%
via commerciale storica Via della {seta}
85%
isola Santorini
79%
"paese" Scozia
70%
città San Francisco
57%
città Singapore
57%
città Shanghai
51%
regione {Silicon} {Valley}
48%
città San Pietroburgo
32%
lago Superiore
31%
regione dell'Africa orientale Serengeti
16%
Nessun quiz corrispondente trovato
Distribuzione punteggi
Percentuale di utenti per punteggio
Percentile per numero di risposta
I tuoi punteggi nel tempo
Non hai fatto questo quiz